| 000 | 00689cab a2200241 4500 | ||
|---|---|---|---|
| 001 | ABS42033 | ||
| 008 | 090401t1990 xxu||||| |||| 00| 0 eng d | ||
| 035 | _a(Sirsi) u34242 | ||
| 041 | _aeng | ||
| 245 | _aAmerica`s property pains | ||
| 260 | _c1990 | ||
| 350 | _a0 | ||
| 490 |
_aEconomist _v314(7636) 6 January 1990, 16-18(2) |
||
| 520 | _aBrief article giving some background on the collapsing US property market in relation to the administration`s fiscal problems. | ||
| 650 | _aBANK LENDING | ||
| 650 | _aECONOMY | ||
| 650 | _aPROPERTY LOANS | ||
| 650 | _aRECESSION | ||
| 650 | _aUNITED STATES | ||
| 690 | _aOVERSEAS-NORTH AMERICA | ||
| 942 | _n0 | ||
| 948 | _c04/03/1997 | ||
| 999 |
_c22708 _d22708 |
||